000 00574nam a2200181 a 4500
008 120416s1976 ||||||||||||||||| || u
020 _a0712107226
050 _aHD 111 Hud
100 _aHudson, F. S
245 1 2 _aA geography of settlements
250 _a2nd ed.
260 _aPlymouth
_bMcDonald & Evans
_c1976
300 _axviii, 364p. : ill.
350 _a0.00
650 _aLAND
650 _aSETTLEMENTS
995 _D0.00
_FCBU-MAIN LIBRARY (Kitwe)
_H1
_I3.50
_M1
_UAVAILABLE
_ZMain Library Open Access Collection
999 _c44475
_d44475